000 00324nam a22001457a 4500
008 230614b ||||| |||| 00| 0 eng d
020 _a9781111989798
041 _aeng
080 _2SEVENTH EDITION
_a51
082 _a51McK
100 _a25
101 _aMATE
245 _aTRIGONOMETRY
_cMcKEAGUE.P.CH
942 _2udc
_cBK
999 _c59967
_d59967